[Event "14ème Open de Saint-Affrique"]
[Site "Saint-Affrique"]
[Date "????.??.??"]
[Round "2.50"]
[White "Blanchon, Pascal"]
[Black "Lamberti, Hugo"]
[Result "1-0"]
[WhiteElo "1723"]
[BlackElo "2099"]
[PlyCount "56"]

1. e4 c5 2. Nf3 Nc6 3. d4 cxd4 4. Nxd4 g6 5. c4 Bg7 6. Be3 Nf6 7. Nc3 d6 8. Be2
O-O 9. O-O Bd7 10. Rc1 Rc8 11. f4 Ne8 12. Qd2 b6 13. Nd5 e6 14. Nc3 Nxd4 15.
Bxd4 Bxd4+ 16. Qxd4 Qc7 17. Rfd1 Qc5 18. Qxc5 Rxc5 19. e5 Rc7 20. exd6 Rc6 21.
Nb5 a6 22. Bf3 axb5 23. Bxc6 Bxc6 24. d7 Bxd7 25. Rxd7 bxc4 26. Rd8 b5 27. a4
bxa4 28. Rxc4 Nf6 1-0

[Event "14ème Open de Saint-Affrique"]
[Site "Saint-Affrique"]
[Date "????.??.??"]
[Round "2.22"]
[White "Bolon, Karelle"]
[Black "Kukov, Velislav"]
[Result "1/2-1/2"]
[WhiteElo "2011"]
[BlackElo "2258"]
[PlyCount "68"]

1. d4 d6 2. e4 Nf6 3. Nc3 c6 4. f4 Qa5 5. Bd3 e5 6. Nf3 Bg4 7. dxe5 dxe5 8. f5
Nbd7 9. h3 Bxf3 10. Qxf3 Bc5 11. Bd2 Qc7 12. g4 O-O-O 13. O-O-O b5 14. Kb1 Kb7
15. h4 Bb6 16. g5 Ne8 17. h5 Nc5 18. Bc1 Nd6 19. Rh4 Rd7 20. f6 gxf6 21. Qxf6
Re8 22. Qh6 b4 23. Ne2 Re6 24. Qxh7 f6 25. Qxd7 Nxd7 26. g6 Nf8 27. Rg4 Re7 28.
Rh1 Qd7 29. Rg2 Bc5 30. Bh6 Ne6 31. Bc1 Nf8 32. Bh6 Nxg6 33. hxg6 Ne8 34. Bf8
Ng7 1/2-1/2

[Event "14ème Open de Saint-Affrique"]
[Site "Saint-Affrique"]
[Date "????.??.??"]
[Round "2.36"]
[White "Pierre, Timothee"]
[Black "Popov, Gueorgui"]
[Result "1-0"]
[WhiteElo "1945"]
[BlackElo "2213"]
[PlyCount "69"]

1. e4 d5 2. exd5 Qxd5 3. Nc3 Qa5 4. d3 c6 5. Nf3 Bg4 6. Be2 Nf6 7. O-O e6 8.
Be3 Nbd7 9. Qd2 Be7 10. Rfe1 O-O 11. a3 Rfe8 12. Rad1 Bf8 13. Bg5 h6 14. Bh4
Qb6 15. b4 a5 16. Ne4 axb4 17. Nxf6+ Nxf6 18. Bxf6 gxf6 19. axb4 Qxb4 20. c3
Qd6 21. Nh4 Bxe2 22. Rxe2 Ra4 23. d4 Rea8 24. Re3 R8a5 25. f4 Ra1 26. Rg3+ Kh8
27. Rxa1 Rxa1+ 28. Kf2 Qd5 29. Ke3 f5 30. Nf3 c5 31. Ne5 Qa2 32. Qd3 cxd4+ 33.
Qxd4 Bc5 34. Nxf7+ Kh7 35. Rg7# 1-0

[Event "14ème Open de Saint-Affrique"]
[Site "Saint-Affrique"]
[Date "????.??.??"]
[Round "2.45"]
[White "Lecoq, Julien"]
[Black "Camel, Pierre"]
[Result "0-1"]
[WhiteElo "2114"]
[BlackElo "1917"]
[PlyCount "96"]

1. e4 c5 2. d4 cxd4 3. c3 Nf6 4. e5 Nd5 5. Nf3 d6 6. cxd4 Nc6 7. exd6 Qxd6 8.
Nc3 Bd7 9. Bc4 e6 10. O-O Be7 11. Re1 O-O 12. Bd3 Nf6 13. Bg5 Nb4 14. Bb1 Nbd5
15. Ne5 h6 16. Bh4 Bc6 17. Bg3 Qd8 18. a3 Rc8 19. Qd3 Qa5 20. Nc4 Qa6 21. Be5
Rfd8 22. Qe2 Nxc3 23. bxc3 Bb5 24. Qc2 Bxc4 25. Re3 Bd5 26. Rg3 Be4 27. Rxg7+
Kxg7 28. Qxe4 Rh8 29. Bd3 Qc6 30. Qh4 Qxc3 31. Qg3+ Kf8 32. Rb1 Rg8 33. Qh3 h5
34. Rxb7 Qxa3 35. Bf4 Ng4 36. d5 Qa1+ 37. Bf1 Qd4 38. Qg3 Rg6 39. d6 Bd8 40. d7
Rc3 41. Bd6+ Kg7 42. Qf4 Qxf4 43. Bxf4 e5 44. Bd2 Rc7 45. Rxc7 Bxc7 46. f3 Bb6+
47. Kh1 Nf2+ 48. Kg1 Ne4+ 0-1

[Event "14ème Open de Saint-Affrique"]
[Site "Saint-Affrique"]
[Date "????.??.??"]
[Round "2.3"]
[White "Carre, Sylvain"]
[Black "Kosten, Anthony C"]
[Result "0-1"]
[WhiteElo "2078"]
[BlackElo "2530"]
[PlyCount "80"]

1. e4 e6 2. d4 d5 3. exd5 exd5 4. Bd3 c5 5. c3 Nc6 6. Ne2 Nf6 7. O-O Bd6 8. h3
O-O 9. Bg5 h6 10. Bh4 Re8 11. Nd2 c4 12. Bc2 b5 13. Nf3 a5 14. Re1 Ra7 15. Qd2
Be7 16. Bxf6 Bxf6 17. Ng3 Rae7 18. Nf5 Rxe1+ 19. Rxe1 Rxe1+ 20. Qxe1 Ne7 21.
Nxe7+ Qxe7 22. Qxe7 Bxe7 23. Ne5 Bg5 24. Nc6 Bd7 25. f4 Bxf4 26. Ne7+ Kf8 27.
Nxd5 Bc1 28. b3 cxb3 29. Bxb3 Be6 30. Nc7 Bxb3 31. axb3 a4 32. bxa4 bxa4 33.
Na6 Bd2 34. Nb4 Bxc3 35. Nc2 Bb2 36. d5 Ke7 37. Kf2 Kd6 38. Nb4 Ba3 39. Na2
Kxd5 40. Nc3+ Kc4 0-1

[Event "14ème Open de Saint-Affrique"]
[Site "Saint-Affrique"]
[Date "????.??.??"]
[Round "1.4"]
[White "Casier, Fabrice"]
[Black "Georgiev, Krum"]
[Result "0-1"]
[WhiteElo "1891"]
[BlackElo "2485"]
[PlyCount "76"]

1. c4 g6 2. Nc3 Bg7 3. g3 d6 4. Bg2 Nd7 5. Nf3 a6 6. d3 Rb8 7. a4 b6 8. Bd2 c5
9. Rb1 Ngf6 10. O-O O-O 11. Qc1 Bb7 12. Bh6 Ne8 13. Bxg7 Nxg7 14. Ne1 Nf5 15.
e3 h5 16. h4 Qc8 17. e4 Nd4 18. Qg5 Qd8 19. Nf3 e6 20. Qxd8 Rfxd8 21. Nxd4 cxd4
22. Ne2 e5 23. b4 Bc6 24. Ra1 a5 25. b5 Bb7 26. Rfd1 Nc5 27. Nc1 f5 28. exf5
gxf5 29. Ra3 d5 30. Nb3 Nxb3 31. Rxb3 dxc4 32. dxc4 Bxg2 33. Kxg2 Rbc8 34. Rf3
Rf8 35. Rc1 Rc5 36. Kf1 Kg7 37. Ke2 Kf6 38. Kd2 Rfc8 0-1

[Event "14ème Open de Saint-Affrique"]
[Site "Saint-Affrique"]
[Date "????.??.??"]
[Round "1.5"]
[White "Meijers, Viesturs"]
[Black "Anthoine-Milhomme, Jean-Pierre"]
[Result "1-0"]
[WhiteElo "2474"]
[BlackElo "1890"]
[PlyCount "35"]

1. e4 e5 2. Nf3 Nc6 3. Bb5 Nf6 4. Qe2 a6 5. Bxc6 dxc6 6. O-O Bd6 7. d4 Qe7 8.
dxe5 Bxe5 9. Nxe5 Qxe5 10. Nc3 O-O 11. Qf3 Bg4 12. Bf4 Bxf3 13. Bxe5 Bxe4 14.
Bxf6 Bxc2 15. Be5 Rad8 16. Bxc7 Rd7 17. Bf4 Rfd8 18. Rfe1 1-0

[Event "14ème Open de Saint-Affrique"]
[Site "Saint-Affrique"]
[Date "????.??.??"]
[Round "1.6"]
[White "Cattaneo, Romain"]
[Black "Bricard, Emmanuel"]
[Result "0-1"]
[WhiteElo "1890"]
[BlackElo "2469"]
[PlyCount "140"]

1. b4 d5 2. e3 e5 3. Bb2 f6 4. b5 Be6 5. d4 Nd7 6. Nf3 e4 7. Nfd2 f5 8. c4 Ndf6
9. Nc3 Bb4 10. Qa4 Bxc3 11. Bxc3 Nh6 12. Nb3 b6 13. Qb4 dxc4 14. Bxc4 Nd5 15.
Bxd5 Bxd5 16. Rc1 Rf8 17. Bb2 Rf7 18. Ba3 Qh4 19. Rxc7 Ng4 20. g3 Qd8 21. Rxf7
Kxf7 22. h3 Nf6 23. Ke2 Rc8 24. Rc1 Rxc1 25. Nxc1 Qc8 26. Kd2 Qc4 27. Qxc4 Bxc4
28. Ne2 Bxb5 29. Bd6 Bxe2 30. Kxe2 Nd5 31. Kd2 Ke6 32. Bb8 a5 33. a3 Kd7 34.
Kc2 Kc6 35. Kb3 Kb5 36. a4+ Kc6 37. Kc4 Nb4 38. g4 fxg4 39. hxg4 h6 40. Bg3 Nd5
41. Be5 g6 42. Bg3 h5 43. gxh5 gxh5 44. Bh4 Kd6 45. Kb5 Nc3+ 46. Kxb6 Nxa4+ 47.
Kxa5 Nc3 48. Kb4 {# #} 48... Nb1 49. Bg3+ Kd5 50. Kb5 Nd2 51. Kb4 Nf3 52. Kc3
h4 53. Bxh4 Nxh4 54. Kd2 Ke6 55. Ke2 Kf5 56. Kf1 Kg5 57. Ke1 Nf3+ 58. Kf1 Kg4
59. Kg2 Nd2 60. Kh2 Nb1 61. Kg2 Nc3 62. Kf1 Kf3 63. Ke1 Nd5 64. Kf1 Nb4 65. Kg1
Nd3 66. d5 Nxf2 67. d6 Nh3+ 68. Kf1 Ng5 69. d7 Nf7 70. Ke1 Kxe3 0-1

[Event "14ème Open de Saint-Affrique"]
[Site "Saint-Affrique"]
[Date "????.??.??"]
[Round "1.1"]
[White "Degraeve, Jean-Marc"]
[Black "Labbe, Georges"]
[Result "1-0"]
[WhiteElo "2540"]
[BlackElo "1904"]
[PlyCount "43"]

1. e4 d6 2. d4 Nf6 3. Nc3 g6 4. Be3 c6 5. Qd2 b5 6. Bd3 Nbd7 7. Nf3 Bg7 8. h3
b4 9. Ne2 a5 10. a3 c5 11. axb4 cxb4 12. Ng3 Ba6 13. Bxa6 Rxa6 14. Bh6 O-O 15.
O-O Qc7 16. Bxg7 Kxg7 17. Qg5 e6 18. e5 dxe5 19. dxe5 Ne8 20. Rad1 h6 21. Nh5+
Kh7 22. Qe7 1-0

[Event "14ème Open de Saint-Affrique"]
[Site "Saint-Affrique"]
[Date "????.??.??"]
[Round "1.2"]
[White "Escuras, Robert"]
[Black "Hebden, Mark"]
[Result "0-1"]
[WhiteElo "1902"]
[BlackElo "2532"]
[PlyCount "50"]

1. d4 Nf6 2. c4 g6 3. Nc3 Bg7 4. e4 d6 5. f4 O-O 6. Nf3 Na6 7. Be2 e5 8. fxe5
dxe5 9. d5 c6 10. Be3 Ng4 11. Bg1 Bh6 12. Qd3 Nb4 13. Qd1 Ne3 14. Bxe3 Bxe3 15.
a3 Na6 16. b4 c5 17. Qd3 Bh6 18. Rb1 f5 19. O-O Bg7 20. Rfd1 b6 21. b5 Nb8 22.
Rb2 Nd7 23. d6 Bb7 24. Nd5 Kh8 25. Nc7 fxe4 0-1

[Event "14ème Open de Saint-Affrique"]
[Site "Saint-Affrique"]
[Date "????.??.??"]
[Round "1.3"]
[White "Kosten, Anthony C"]
[Black "Jean, Robert"]
[Result "1-0"]
[WhiteElo "2530"]
[BlackElo "1899"]
[PlyCount "53"]

1. e4 c5 2. b3 d6 3. Bb2 Nf6 4. Nc3 e6 5. Bb5+ Bd7 6. Qe2 Be7 7. Nf3 Nc6 8.
Bxc6 Bxc6 9. d4 cxd4 10. Nxd4 O-O 11. O-O-O Qc7 12. Rd3 a6 13. Rg3 b5 14. Nd5
Bxd5 15. exd5 e5 16. Nf5 Ne8 17. Qh5 g6 18. Qh6 f6 19. Rd1 Rf7 20. Rdd3 Bf8 21.
Qh3 Qa5 22. Qh4 Rc8 23. c3 Qxa2 24. Rxg6+ hxg6 25. Rh3 Bg7 26. Qh7+ Kf8 27.
Qh8+ 1-0

[Event "14ème Open de Saint-Affrique"]
[Site "Saint-Affrique"]
[Date "????.??.??"]
[Round "1.7"]
[White "Velikov, Petar"]
[Black "Raggini, Bernard"]
[Result "1-0"]
[WhiteElo "2465"]
[BlackElo "1890"]
[PlyCount "74"]

1. Nf3 d5 2. g3 e6 3. c4 c6 4. b3 Nf6 5. Bg2 Be7 6. O-O O-O 7. Bb2 Ne4 8. Qc2
Bf6 9. Ne5 Nd6 10. d4 Be7 11. Nd2 Nd7 12. Rad1 Nf6 13. Rfe1 Bd7 14. f3 Rc8 15.
c5 Nb5 16. a4 Nc7 17. b4 Na6 18. Bc3 b6 19. e3 Nc7 20. Bf1 Rb8 21. Nb3 Nfe8 22.
Bd2 f6 23. Nd3 Na8 24. e4 Nac7 25. Nf4 e5 26. cxb6 Rxb6 27. dxe5 fxe5 28. Nd3
Rxf3 29. Nxe5 Rf8 30. Be3 Nf6 31. a5 Rb8 32. Nd4 Qe8 33. Nexc6 Bxc6 34. Nxc6
Rb7 35. Nxe7+ Qxe7 36. exd5 Qd7 37. Bc4 Qh3 1-0

[Event "14ème Open de Saint-Affrique"]
[Site "Saint-Affrique"]
[Date "????.??.??"]
[Round "1.12"]
[White "Lagunes, Matthieu"]
[Black "Mullon, Jean-Baptiste"]
[Result "1-0"]
[WhiteElo "1860"]
[BlackElo "2375"]
[PlyCount "133"]

1. e4 c5 2. Nf3 e6 3. d4 cxd4 4. Nxd4 a6 5. Nc3 b5 6. Bd3 Qc7 7. O-O Nf6 8. Kh1
Bc5 9. Nb3 Be7 10. f3 Bb7 11. Qe1 Nc6 12. Ne2 h5 13. Be3 h4 14. Qf2 h3 15. g3
d5 16. exd5 Nxd5 17. Nf4 Nxe3 18. Qxe3 g5 19. Nxe6 fxe6 20. Bg6+ Kf8 21. Qxe6
Nd8 22. Qf5+ Kg7 23. Rae1 Rf8 24. Qd3 Rf6 25. Nd4 Bc8 26. Bh5 Qd6 27. Qe4 Ra7
28. g4 Qf4 29. Qxf4 Rxf4 30. c3 Kf6 31. Ne2 Rc4 32. Ng3 Rd7 33. Be8 Kg7 34.
Bxd7 Bf8 35. Bxc8 Rxc8 36. Rd1 Ne6 37. Rd7+ Kg6 38. Re1 Rc6 39. Ne2 Nc5 40. Nd4
Rf6 41. Rd5 Nd3 42. Re3 Nxb2 43. Rf5 Nd1 44. Rxf6+ Kxf6 45. Re6+ Kf7 46. Rc6
Be7 47. Kg1 Bf6 48. Rxa6 Nxc3 49. Nf5 Be5 50. Ng3 b4 51. Ne4 Ne2+ 52. Kf2 Nc1
53. Nxg5+ Kf8 54. Nxh3 Bb2 55. f4 Ba3 56. Ng5 Nxa2 57. h4 Nc1 58. h5 Bb2 59. h6
Bd4+ 60. Kf3 Ke7 61. h7 b3 62. Ra7+ Kd6 63. Rb7 Kc6 64. Rb4 Bg7 65. Nf7 Kc5 66.
Rb8 Kc4 67. Rc8+ 1-0

[Event "14ème Open de Saint-Affrique"]
[Site "Saint-Affrique"]
[Date "????.??.??"]
[Round "2.1"]
[White "Rodriguez, Angel"]
[Black "Degraeve, Jean-Marc"]
[Result "0-1"]
[WhiteElo "2087"]
[BlackElo "2540"]
[PlyCount "66"]

1. e4 c5 2. Nc3 a6 3. g3 b5 4. Bg2 Bb7 5. d3 e6 6. Nh3 Nf6 7. O-O d6 8. f4 b4
9. Ne2 Be7 10. f5 e5 11. Nf2 Nfd7 12. c3 a5 13. Ng4 Bg5 14. Ne3 Nc6 15. Nd5
Bxc1 16. Rxc1 Nf6 17. d4 bxc3 18. bxc3 cxd4 19. cxd4 O-O 20. Nxf6+ Qxf6 21. d5
Nb4 22. Qd2 Ba6 23. Rf3 Rfc8 24. Nc3 Rc4 25. a3 Rd4 26. Qe3 Nd3 27. Ne2 Nxc1
28. Nxd4 exd4 29. Qxc1 Rc8 30. Qb2 d3 31. Rf2 Qxb2 32. Rxb2 Rc1+ 33. Bf1 d2 0-1

[Event "14ème Open de Saint-Affrique"]
[Site "Saint-Affrique"]
[Date "????.??.??"]
[Round "2.2"]
[White "Hebden, Mark"]
[Black "Tanguy, Fabien"]
[Result "1-0"]
[WhiteElo "2532"]
[BlackElo "2081"]
[PlyCount "75"]

1. d4 d5 2. Nf3 Nf6 3. c4 e6 4. Bg5 Be7 5. Nc3 O-O 6. e3 b6 7. Bd3 Bb7 8. O-O
Nbd7 9. Qe2 Ne4 10. Bxe7 Qxe7 11. Rac1 Nxc3 12. Rxc3 c5 13. cxd5 exd5 14. Ba6
Bxa6 15. Qxa6 c4 16. b3 cxb3 17. axb3 Qb4 18. Rfc1 h6 19. Ne1 Nf6 20. Nd3 Qe7
21. Rc7 Qe4 22. Ne5 Qf5 23. Qb7 Rfb8 24. Qc6 Rf8 25. Rxf7 Rxf7 26. Qxa8+ Rf8
27. Qb7 Kh7 28. Qa6 Ne4 29. f3 Nc5 30. Qa2 Qe6 31. Qb2 Nd7 32. Rc6 Qe8 33. Rc7
Nxe5 34. dxe5 Qb8 35. Qc2+ Kh8 36. e6 Qe8 37. e7 Rg8 38. Qf5 1-0

[Event "14ème Open de Saint-Affrique"]
[Site "Saint-Affrique"]
[Date "????.??.??"]
[Round "1.8"]
[White "Boulet, Stephane"]
[Black "Collas, Didier"]
[Result "0-1"]
[WhiteElo "1886"]
[BlackElo "2453"]
[PlyCount "58"]

1. e4 c5 2. Nf3 e6 3. b3 b6 4. Bb2 Bb7 5. Bd3 Nc6 6. O-O Nb4 7. Qe2 Nf6 8. Nc3
Nxd3 9. Qxd3 Be7 10. Rfe1 O-O 11. Ne5 d5 12. exd5 Nxd5 13. Nxd5 Qxd5 14. Qxd5
Bxd5 15. d3 Rfd8 16. Rad1 f6 17. Ng4 Kf7 18. c4 Bc6 19. d4 cxd4 20. Rxd4 Rxd4
21. Bxd4 Rd8 22. Bc3 h5 23. Ne3 Rd3 24. Rc1 Ba3 25. Rc2 Be4 26. Nf1 Rd1 27. Rd2
Rc1 28. f3 Rxc3 29. fxe4 Bc5+ 0-1

[Event "14ème Open de Saint-Affrique"]
[Site "Saint-Affrique"]
[Date "????.??.??"]
[Round "1.9"]
[White "Colin, Vincent"]
[Black "Comont, Nicolas"]
[Result "1-0"]
[WhiteElo "2415"]
[BlackElo "1874"]
[PlyCount "29"]

1. c4 Nf6 2. d4 g6 3. Nc3 Bg7 4. e4 d6 5. f4 O-O 6. Nf3 c5 7. d5 Qb6 8. Be2 Bg4
9. Ng5 Bxe2 10. Qxe2 Nbd7 11. e5 Ne8 12. e6 Bxc3+ 13. bxc3 Ndf6 14. exf7+ Rxf7
15. Qe6 1-0

[Event "14ème Open de Saint-Affrique"]
[Site "Saint-Affrique"]
[Date "????.??.??"]
[Round "1.10"]
[White "Le Kouaghet, Euwen"]
[Black "Popchev, Milko"]
[Result "0-1"]
[WhiteElo "1867"]
[BlackElo "2405"]
[PlyCount "91"]

1. c4 g6 2. d4 Bg7 3. Nc3 d6 4. e4 Nd7 5. Be3 e5 6. d5 a5 7. a3 Bh6 8. Bxh6
Nxh6 9. Qc1 Ng4 10. h3 Ngf6 11. Qh6 Qe7 12. Bd3 Nc5 13. Bc2 Bd7 14. Nge2 Nh5
15. g4 Nf6 16. Ng3 Ng8 17. Qg7 Qf6 18. Qxf6 Nxf6 19. Ke2 a4 20. f3 h5 21. Ke3
Ke7 22. Rag1 Ra6 23. Rg2 Rb6 24. Bd1 h4 25. Nf1 Nh7 26. Rd2 Ng5 27. Rc2 f5 28.
Nd2 Rf8 29. Be2 fxg4 30. fxg4 Rf4 31. Bf3 Nb3 32. Ne2 Nxd2 33. Nxf4 exf4+ 34.
Kxd2 Nxf3+ 35. Kc1 Rb3 36. Rc3 Rxc3+ 37. bxc3 Ng5 38. Kc2 Kf6 39. Kd3 b6 40.
Kd4 Nf3+ 41. Kd3 Ke5 42. Rf1 Ng5 43. Rh1 Bc8 44. Rh2 Ba6 45. Rh1 f3 46. Ke3 0-1

[Event "14ème Open de Saint-Affrique"]
[Site "?"]
[Date "????.??.??"]
[Round "2.54"]
[White "Humeau, Cyril"]
[Black "Barbier, Kenan"]
[Result "1-0"]
[WhiteElo "2095"]
[BlackElo "1710"]
[PlyCount "59"]
[EventDate "2006.07.25"]
[SourceDate "2006.07.25"]

1. e4 c5 2. c4 Nc6 3. Nc3 d6 4. g3 e6 5. Bg2 Nge7 6. Nge2 Ng6 7. O-O Be7 8. d4
cxd4 9. Nxd4 a6 10. Be3 O-O 11. Qd2 Nce5 12. Qe2 Qc7 13. b3 b5 14. f4 Nd7 15.
e5 Bb7 16. exd6 Bxd6 17. Ncxb5 axb5 18. Nxb5 Qb8 19. Bxb7 Qxb7 20. Nxd6 Qc6 21.
Rfd1 Nf6 22. b4 Nd7 23. c5 Ne7 24. b5 Qc7 25. c6 Nb6 26. Bxb6 Qxb6+ 27. Qf2
Qxf2+ 28. Kxf2 Rfd8 29. c7 Rd7 30. b6 1-0

[Event "14ème Open de Saint-Affrique"]
[Site "Saint-Affrique"]
[Date "????.??.??"]
[Round "4.3"]
[White "Georgiev, Krum"]
[Black "Saada, Julien"]
[Result "1-0"]
[WhiteElo "2485"]
[BlackElo "2257"]
[PlyCount "83"]

1. e4 c6 2. Nc3 d5 3. Nf3 Bg4 4. h3 Bxf3 5. Qxf3 Nf6 6. g3 e6 7. Bg2 Be7 8. d3
O-O 9. O-O a5 10. a4 Na6 11. Qe2 Re8 12. h4 Nb4 13. Nd1 c5 14. Ne3 Nc6 15. c3
Bf8 16. Qc2 Rb8 17. Rd1 Re7 18. Qb3 Rd7 19. exd5 exd5 20. Bh3 Rc7 21. Nf5 g6
22. Nh6+ Kg7 23. Re1 Ng8 24. Nxg8 Kxg8 25. Bf4 Bd6 26. Re8+ Qxe8 27. Bxd6 Qd8
28. Bxc5 b6 29. Be3 Rd7 30. Bg5 Ne7 31. Re1 Kg7 32. Qa3 f6 33. Bf4 Ra8 34. Re6
Nc8 35. Be3 Re7 36. Bxb6 Qd7 37. Re3 f5 38. Bg2 Rxe3 39. Bxe3 Rb8 40. Qc5 Ne7
41. c4 dxc4 42. Qe5+ 1-0

[Event "14ème Open de Saint-Affrique"]
[Site "Saint-Affrique"]
[Date "????.??.??"]
[Round "4.4"]
[White "Van Elst, Andreas"]
[Black "Velikov, Petar"]
[Result "0-1"]
[WhiteElo "2258"]
[BlackElo "2465"]
[PlyCount "158"]

1. d4 d5 2. c4 c6 3. Nc3 Nf6 4. e3 e6 5. Nf3 a6 6. Qc2 Nbd7 7. b3 Bd6 8. Be2
O-O 9. O-O dxc4 10. bxc4 Qe7 11. e4 e5 12. d5 Nc5 13. Nd2 Bg4 14. Nb3 Bxe2 15.
Qxe2 Nfd7 16. Be3 Rfc8 17. Rfd1 a5 18. Nxc5 Bxc5 19. Rab1 Rab8 20. Bxc5 Nxc5
21. Rb2 Rd8 22. Rbd2 Na6 23. Qe3 Qc5 24. dxc6 Rxd2 25. Qxd2 bxc6 26. Qd6 h5 27.
Qxc5 Nxc5 28. g3 Kf8 29. Rd6 Rc8 30. f4 Ke7 31. fxe5 Nd7 32. Rd4 Nxe5 33. Kf2
Rb8 34. c5 Rb2+ 35. Ke3 Rc2 36. Na4 Rxa2 37. Nb6 f6 38. Nc8+ Kf7 39. Rd8 Rxh2
40. Nd6+ Kg6 41. Nf5 Kf7 42. Ra8 g6 43. Ra7+ Kf8 44. Ra8+ Kf7 45. Ra7+ Ke8 46.
Nd6+ Kf8 47. Ra8+ Kg7 48. Ra7+ Kh6 49. Nf7+ Nxf7 50. Rxf7 Kg5 51. Rc7 Rg2 52.
Kf3 Rc2 53. Rxc6 Rc3+ 54. Kf2 a4 55. Ra6 a3 56. Ra4 Rc2+ 57. Kf3 a2 58. c6 Rc3+
59. Kg2 Rxc6 60. Rxa2 Kg4 61. Rf2 g5 62. Kh2 Re6 63. Kg2 Rxe4 64. Rxf6 Re3 65.
Ra6 Rxg3+ 66. Kh2 Rf3 67. Ra5 Rf2+ 68. Kg1 Re2 69. Ra4+ Kg3 70. Ra3+ Kh4 71.
Rb3 g4 72. Rb8 Kh3 73. Rb1 g3 74. Ra1 h4 75. Rb1 Kg4 76. Ra1 h3 77. Kh1 Kf3 78.
Rf1+ Ke3 79. Ra1 Rd2 0-1

[Event "14ème Open de Saint-Affrique"]
[Site "Saint-Affrique"]
[Date "????.??.??"]
[Round "4.5"]
[White "Sasu-Ducsoara, Andreea-Teodora"]
[Black "Colin, Vincent"]
[Result "1-0"]
[WhiteElo "2246"]
[BlackElo "2415"]
[PlyCount "143"]

1. e4 c5 2. Nf3 g6 3. c4 Bg7 4. d4 cxd4 5. Nxd4 Nc6 6. Be3 Nf6 7. Nc3 O-O 8.
Be2 b6 9. O-O Bb7 10. f3 e6 11. c5 bxc5 12. Nxc6 Bxc6 13. Bxc5 Re8 14. e5 Nh5
15. f4 Nxf4 16. Rxf4 Bxe5 17. Rf2 Qb8 18. Bf3 Bxh2+ 19. Kf1 d5 20. b4 Qc7 21.
Rc1 Rad8 22. Qd3 Rd7 23. b5 Ba8 24. Ba3 Qd8 25. Na4 Bf4 26. Rd1 Bg3 27. Rc2 Qh4
28. Nc5 Rdd8 29. Qd4 Qg5 30. Bc1 Qe7 31. Na6 e5 32. Qg4 Bh4 33. Rc7 Qf6 34. Bb2
h5 35. Qh3 g5 36. Kg1 g4 37. Bxg4 hxg4 38. Qxg4+ Qg5 39. Qxg5+ Bxg5 40. Rd3 Bf4
41. Rxa7 e4 42. Rh3 d4 43. Nc7 Bxc7 44. Rxc7 e3 45. Rg3+ Kh8 46. Kf1 Re5 47.
Rxf7 Be4 48. Rf4 Bd3+ 49. Ke1 Rh5 50. Rxe3 Rh1+ 51. Kd2 Bxb5 52. Bxd4+ Kh7 53.
Re7+ Kh6 54. Rf6+ Kh5 55. Rh7+ Kg5 56. Rg7+ Kh5 57. g4+ Kh4 58. Rh6+ Kg3 59.
Rxh1 Rxd4+ 60. Kc3 Rd3+ 61. Kb4 Bd7 62. Rc1 Be6 63. a3 Rb3+ 64. Ka4 Rb8 65.
Rc3+ Kf4 66. g5 Ke5 67. Ka5 Ra8+ 68. Kb6 Bd5 69. Rgc7 Rg8 70. R3c5 Kd6 71. Rc8
Rg6 72. R8c6+ 1-0

[Event "14ème Open de Saint-Affrique"]
[Site "Saint-Affrique"]
[Date "????.??.??"]
[Round "3.40"]
[White "Tanguy, Fabien"]
[Black "Comont, Nicolas"]
[Result "0-1"]
[WhiteElo "2081"]
[BlackElo "1874"]
[PlyCount "54"]

1. c4 f5 2. Nc3 Nf6 3. d4 e6 4. Nf3 Be7 5. Bg5 O-O 6. e3 d5 7. Qb3 c6 8. Bd3
Ne4 9. Bxe7 Qxe7 10. Rc1 Nd7 11. O-O g5 12. Ne5 Nd2 13. Qc2 Nxf1 14. Rxf1 Nxe5
15. dxe5 dxc4 16. Bxc4 Qc5 17. Ne4 Qxe5 18. Nxg5 h6 19. Nh3 Rf7 20. Nf4 c5 21.
Rd1 Bd7 22. Qb3 Re8 23. Rxd7 Rxd7 24. Bxe6+ Rxe6 25. Nxe6 c4 26. f4 cxb3 27.
fxe5 bxa2 0-1

[Event "14ème Open de Saint-Affrique"]
[Site "Saint-Affrique"]
[Date "????.??.??"]
[Round "4.1"]
[White "Todorov, Ognjan"]
[Black "Degraeve, Jean-Marc"]
[Result "1/2-1/2"]
[WhiteElo "2314"]
[BlackElo "2540"]
[PlyCount "43"]

1. Nf3 g6 2. d4 Bg7 3. c4 c5 4. d5 d6 5. e4 e6 6. Nc3 exd5 7. cxd5 a6 8. a4 Bg4
9. Be2 Bxf3 10. Bxf3 Nf6 11. O-O O-O 12. Bf4 Ne8 13. a5 Nd7 14. Qd2 Rb8 15. Be2
Qe7 16. Rfe1 Nc7 17. Bg5 Qe5 18. Bf4 Qf6 19. Bg5 Qe5 20. Bf4 Qe7 21. Bg5 Qe8
22. Bf4 1/2-1/2

[Event "14ème Open de Saint-Affrique"]
[Site "Saint-Affrique"]
[Date "????.??.??"]
[Round "4.2"]
[White "Hebden, Mark"]
[Black "Bedouin, Xavier"]
[Result "1-0"]
[WhiteElo "2532"]
[BlackElo "2294"]
[PlyCount "96"]

1. d4 Nf6 2. Nf3 g6 3. Nc3 d5 4. Bf4 Bg7 5. e3 O-O 6. Be2 c5 7. Ne5 Be6 8. O-O
Nbd7 9. Bf3 Rc8 10. a4 cxd4 11. exd4 Nb6 12. a5 Nc4 13. Nxc4 Rxc4 14. Nb1 Qd7
15. c3 Rcc8 16. h3 Bf5 17. Nd2 Ne4 18. Re1 Nxd2 19. Qxd2 Rfe8 20. Re2 Rc6 21.
Rae1 Re6 22. Be5 Ra6 23. Bxg7 Kxg7 24. g4 Be6 25. c4 h5 26. gxh5 dxc4 27. Qg5
Qxd4 28. Bxb7 Rd6 29. hxg6 Qf6 30. Qxf6+ Kxf6 31. gxf7 Bxf7 32. Re3 Rd3 33. b4
Rg8+ 34. Kf1 Rg5 35. Bc6 Rb3 36. h4 Rg4 37. b5 Rxh4 38. b6 a6 39. Rxe7 Ra3 40.
b7 Rb3 41. R7e3 Rb2 42. Rf3+ Kg6 43. Re7 c3 44. Rxc3 Bc4+ 45. Kg2 Rb1 46. Kg3
Rd4 47. Re4 Rd3+ 48. Rxd3 Bxd3 1-0

[Event "14ème Open de Saint-Affrique"]
[Site "Saint-Affrique"]
[Date "????.??.??"]
[Round "4.6"]
[White "Andonov, Bogomil"]
[Black "Ouakhir, Mehdi"]
[Result "1-0"]
[WhiteElo "2391"]
[BlackElo "2238"]
[PlyCount "55"]

1. Nf3 d5 2. d4 Nf6 3. c4 c6 4. cxd5 cxd5 5. Nc3 Nc6 6. Bf4 a6 7. Rc1 Bf5 8. e3
e6 9. Be2 Be7 10. Qb3 Ra7 11. Ne5 Nxe5 12. Bxe5 O-O 13. O-O Nd7 14. Bg3 b5 15.
a4 b4 16. Nb1 Qb6 17. Nd2 Nf6 18. Qa2 Ne4 19. a5 Qd8 20. Nxe4 Bxe4 21. Rc6 Bh4
22. Bxh4 Qxh4 23. Qb3 Qd8 24. Qxb4 Qf6 25. g3 Qh6 26. Rfc1 Qh3 27. Bf1 Qg4 28.
Rc8 1-0

[Event "14ème Open de Saint-Affrique"]
[Site "Saint-Affrique"]
[Date "????.??.??"]
[Round "4.10"]
[White "Delorme, Axel"]
[Black "Kosten, Anthony C"]
[Result "1-0"]
[WhiteElo "2231"]
[BlackElo "2530"]
[PlyCount "97"]

1. e4 c5 2. Nf3 d6 3. Bb5+ Bd7 4. Bxd7+ Qxd7 5. O-O Nf6 6. Re1 Nc6 7. c3 e6 8.
d4 cxd4 9. cxd4 d5 10. e5 Ne4 11. Nbd2 Nxd2 12. Bxd2 Be7 13. Rc1 O-O 14. Rc3
Rfc8 15. a3 a6 16. Rd3 Qd8 17. h4 Qb6 18. Bc1 Na5 19. Ng5 Bxg5 20. hxg5 Qb5 21.
Rh3 Qc4 22. Bd2 Nc6 23. Bc3 g6 24. Ree3 Ne7 25. g4 Nc6 26. b3 Qb5 27. Qf3 Nxd4
28. Bxd4 Rc1+ 29. Kh2 Qf1 30. Qg2 Qd1 31. Rd3 Qe2 32. f4 Qe1 33. Bc3 Qe4 34.
Qxe4 dxe4 35. Rde3 Rd8 36. Rhg3 Rdd1 37. Rg2 Rf1 38. Bb2 Rcd1 39. Kg3 b5 40.
Bc3 Rc1 41. Bb4 Rb1 42. Rc3 Kg7 43. Be7 f5 44. exf6+ Kf7 45. Bb4 e5 46. Rc7+
Ke6 47. Re7+ Kd5 48. Rd2+ Kc6 49. Rd6# 1-0

[Event "14ème Open de Saint-Affrique"]
[Site "Saint-Affrique"]
[Date "????.??.??"]
[Round "4.14"]
[White "Pflug, Matthias"]
[Black "Leygue, Dominique"]
[Result "1-0"]
[WhiteElo "2211"]
[BlackElo "2344"]
[PlyCount "83"]

1. e4 e5 2. Nf3 Nc6 3. Bc4 Nf6 4. Ng5 Bc5 5. Bxf7+ Ke7 6. Bd5 Rf8 7. O-O d6 8.
Bxc6 bxc6 9. d3 Bg4 10. Nf3 h6 11. h3 Bh5 12. Be3 Qd7 13. Bxc5 dxc5 14. Nbd2
Qe6 15. Qe1 g5 16. Qe3 Nd7 17. Nh2 Rf4 18. f3 Raf8 19. Nb3 Qd6 20. Rad1 Bf7 21.
c3 Bxb3 22. axb3 Rb8 23. b4 cxb4 24. Qxa7 bxc3 25. bxc3 Rb3 26. Ng4 Rxc3 27.
Ne3 Rxd3 28. Nf5+ Rxf5 29. Rxd3 Qxd3 30. exf5 Qd4+ 31. Qxd4 exd4 32. Re1+ Kd6
33. Re6+ Kd5 34. Re7 Kd6 35. Re6+ Kd5 36. Re7 Kd6 37. Re4 c5 38. Kf2 Ne5 39. f6
Nf7 40. Ke2 h5 41. Kd3 Kd5 42. Re7 1-0